000 00227nam a22000857a 4500
008 161216b xxu||||| |||| 00| 0 eng d
100 _92085
_aUppal.A.K.etal.
245 _aPhysical Education Health-XI
260 _aNew Delhi
_bF.P.
_c2007
999 _c4963
_d4963